Jurisdiction in the early church, Episcopal and papal / (Record no. 125630)
[ view plain ]
| 000 -LEADER | |
|---|---|
| fixed length control field | 00945cam a2200277 i 4500 |
| 001 - CONTROL NUMBER | |
| control field | 2240417 |
| 003 - CONTROL NUMBER IDENTIFIER | |
| control field | ARRUPE |
| 005 - DATE AND TIME OF LATEST TRANSACTION | |
| control field | 20161103145923.0 |
| 008 - FIXED-LENGTH DATA ELEMENTS--GENERAL INFORMATION | |
| fixed length control field | 770105t19751938enk b 000 0 eng |
| 010 ## - LIBRARY OF CONGRESS CONTROL NUMBER | |
| LC control number | 76383451 |
| 020 ## - INTERNATIONAL STANDARD BOOK NUMBER | |
| Terms of availability | £0.75 |
| 040 ## - CATALOGING SOURCE | |
| Original cataloging agency | DLC |
| Transcribing agency | DLC |
| Modifying agency | DLC |
| 050 00 - LIBRARY OF CONGRESS CALL NUMBER | |
| Classification number | BV648 |
| Item number | .D58 |
| 082 00 - DEWEY DECIMAL CLASSIFICATION NUMBER | |
| Classification number | 262/.3 |
| 300 ## - PHYSICAL DESCRIPTION | |
| Dimensions | 22 cm. |
| 100 1# - MAIN ENTRY--PERSONAL NAME | |
| Personal name | Dix, Gregory. |
| 9 (RLIN) | 27172 |
| 245 10 - TITLE STATEMENT | |
| Title | Jurisdiction in the early church, Episcopal and papal / |
| Statement of responsibility, etc | Dom Gregory Dix. |
| 260 ## - PUBLICATION, DISTRIBUTION, ETC. (IMPRINT) | |
| Place of publication, distribution, etc | London : |
| Name of publisher, distributor, etc | Faith House, |
| Date of publication, distribution, etc | 1975 |
| 300 ## - PHYSICAL DESCRIPTION | |
| Extent | 124 p. ; |
| 500 ## - GENERAL NOTE | |
| General note | "This book first appeared as a series of articles in the Journal of Nashdom Abbey, Laudate, in 1938." |
| 504 ## - BIBLIOGRAPHY, ETC. NOTE | |
| Bibliography, etc | Includes bibliographical references. |
| 650 #0 - SUBJECT ADDED ENTRY--TOPICAL TERM | |
| Topical term or geographic name as entry element | Church polity |
| General subdivision | History |
| Chronological subdivision | Early church, ca. 30-600. |
| 9 (RLIN) | 27173 |
| 650 #0 - SUBJECT ADDED ENTRY--TOPICAL TERM | |
| Topical term or geographic name as entry element | Episcopacy |
| General subdivision | History of doctrines. |
| 9 (RLIN) | 27174 |
| 650 #0 - SUBJECT ADDED ENTRY--TOPICAL TERM | |
| Topical term or geographic name as entry element | Papacy |
| General subdivision | History. |
| 9 (RLIN) | 27175 |
| 906 ## - LOCAL DATA ELEMENT F, LDF (RLIN) | |
| a | 7 |
| b | cbc |
| c | orignew |
| d | 3 |
| e | ncip |
| f | 19 |
| g | y-gencatlg |
| 942 ## - ADDED ENTRY ELEMENTS (KOHA) | |
| Source of classification or shelving scheme | Library of Congress Classification |
| Koha item type | Monograph ( Printed materials) |
| Withdrawn status | Lost status | Source of classification or shelving scheme | Damaged status | Not for loan | Collection code | Home library | Current library | Shelving location | Date acquired | Total Checkouts | Full call number | Barcode | Date last seen | Price effective from | Koha item type |
|---|---|---|---|---|---|---|---|---|---|---|---|---|---|---|---|
| Library of Congress Classification | Main Collection | ARRUPE LIBRARY | ARRUPE LIBRARY | Main Collection | 02/11/2016 | BV648 .D58 | 46500009980 | 24/01/2017 | 02/11/2016 | Monograph ( Printed materials) |